<?xml version="1.0" encoding="UTF-8"?>
<record
    xmlns:xsi="http://www.w3.org/2001/XMLSchema-instance"
    xsi:schemaLocation="http://www.loc.gov/MARC21/slim http://www.loc.gov/standards/marcxml/schema/MARC21slim.xsd"
    xmlns="http://www.loc.gov/MARC21/slim">

  <leader>01236nas a2200313 u 4500</leader>
  <controlfield tag="001">261001</controlfield>
  <controlfield tag="003">CO-MdUADB</controlfield>
  <controlfield tag="005">20250730074209.0</controlfield>
  <controlfield tag="007">ta</controlfield>
  <controlfield tag="008">980730u19919999mx qu p|rtnt        spa d</controlfield>
  <datafield tag="022" ind1=" " ind2=" ">
    <subfield code="a">0188-6649</subfield>
  </datafield>
  <datafield tag="035" ind1=" " ind2=" ">
    <subfield code="a">261001</subfield>
  </datafield>
  <datafield tag="040" ind1=" " ind2=" ">
    <subfield code="a">CO-MdUADB</subfield>
    <subfield code="b">spa</subfield>
    <subfield code="c">CO-MdUADB</subfield>
    <subfield code="e">rda</subfield>
  </datafield>
  <datafield tag="041" ind1="0" ind2=" ">
    <subfield code="a">spa</subfield>
  </datafield>
  <datafield tag="245" ind1="0" ind2="0">
    <subfield code="a">T&#xF3;picos, Revista de Filosof&#xED;a (M&#xE9;xico)</subfield>
  </datafield>
  <datafield tag="264" ind1=" " ind2="1">
    <subfield code="a">M&#xE9;xico :</subfield>
    <subfield code="b">Universidad Panamericana :</subfield>
    <subfield code="c">1991-</subfield>
  </datafield>
  <datafield tag="300" ind1=" " ind2=" ">
    <subfield code="a">N&#xFA;meros</subfield>
  </datafield>
  <datafield tag="310" ind1=" " ind2=" ">
    <subfield code="a">Trimestral</subfield>
  </datafield>
  <datafield tag="336" ind1=" " ind2=" ">
    <subfield code="2">rdacontent</subfield>
    <subfield code="a">texto</subfield>
    <subfield code="b">txt</subfield>
  </datafield>
  <datafield tag="337" ind1=" " ind2=" ">
    <subfield code="2">rdamedia</subfield>
    <subfield code="a">no mediado</subfield>
    <subfield code="b">n</subfield>
  </datafield>
  <datafield tag="338" ind1=" " ind2=" ">
    <subfield code="2">rdacarrier</subfield>
    <subfield code="a">volumen</subfield>
    <subfield code="b">nc</subfield>
  </datafield>
  <datafield tag="362" ind1=" " ind2=" ">
    <subfield code="a">N&#xFA;mero 1, 1991-</subfield>
  </datafield>
  <datafield tag="520" ind1="3" ind2=" ">
    <subfield code="a">T&#xF3;picos, Revista de Filosof&#xED;a es una publicaci&#xF3;n especializada dirigida a profesionales e de la comunidad filos&#xF3;fica nacional e internacional. No est&#xE1; circunscrita a un &#xE1;rea o campo determinado de la filosof&#xED;a siempre y cuando exista rigor y seriedad metodol&#xF3;gica en la investigaci&#xF3;n y el modo en que se expone. (Tomado de: revistas.up.edu.mx).</subfield>
  </datafield>
  <datafield tag="650" ind1="1" ind2="7">
    <subfield code="a">Filosof&#xED;a</subfield>
    <subfield code="2">lemb</subfield>
    <subfield code="9">234416</subfield>
  </datafield>
  <datafield tag="710" ind1="2" ind2=" ">
    <subfield code="9">866521</subfield>
    <subfield code="a">Universidad Panamericana (M&#xE9;xico).</subfield>
    <subfield code="b">Facultad de Filosof&#xED;a</subfield>
    <subfield code="e">isb</subfield>
  </datafield>
  <datafield tag="856" ind1="4" ind2="1">
    <subfield code="u">https://revistas.up.edu.mx/topicos</subfield>
  </datafield>
  <datafield tag="942" ind1=" " ind2=" ">
    <subfield code="c">REVISTA</subfield>
    <subfield code="2">FAC</subfield>
  </datafield>
  <datafield tag="999" ind1=" " ind2=" ">
    <subfield code="c">99113</subfield>
    <subfield code="d">99113</subfield>
  </datafield>
  <datafield tag="952" ind1=" " ind2=" ">
    <subfield code="0">0</subfield>
    <subfield code="1">0</subfield>
    <subfield code="4">0</subfield>
    <subfield code="7">0</subfield>
    <subfield code="8">HEMEROTECA</subfield>
    <subfield code="a">BC</subfield>
    <subfield code="b">BC</subfield>
    <subfield code="c">EST13A</subfield>
    <subfield code="h">Volumen 02, N&#xFA;mero 03, Diciembre 1992</subfield>
    <subfield code="l">0</subfield>
    <subfield code="p">6-10000003049967</subfield>
    <subfield code="y">REVISTA</subfield>
  </datafield>
  <datafield tag="952" ind1=" " ind2=" ">
    <subfield code="0">0</subfield>
    <subfield code="1">0</subfield>
    <subfield code="4">0</subfield>
    <subfield code="7">0</subfield>
    <subfield code="8">HEMEROTECA</subfield>
    <subfield code="a">BC</subfield>
    <subfield code="b">BC</subfield>
    <subfield code="c">EST13A</subfield>
    <subfield code="h">N&#xFA;mero 17, Diciembre 1999</subfield>
    <subfield code="l">0</subfield>
    <subfield code="p">6-402452</subfield>
    <subfield code="y">REVISTA</subfield>
  </datafield>
  <datafield tag="952" ind1=" " ind2=" ">
    <subfield code="0">0</subfield>
    <subfield code="1">0</subfield>
    <subfield code="4">0</subfield>
    <subfield code="7">0</subfield>
    <subfield code="8">HEMEROTECA</subfield>
    <subfield code="a">BC</subfield>
    <subfield code="b">BC</subfield>
    <subfield code="c">EST13A</subfield>
    <subfield code="h">N&#xFA;mero 19, Diciembre 2000</subfield>
    <subfield code="l">0</subfield>
    <subfield code="p">61000002139968</subfield>
    <subfield code="y">REVISTA</subfield>
  </datafield>
  <datafield tag="952" ind1=" " ind2=" ">
    <subfield code="0">0</subfield>
    <subfield code="1">0</subfield>
    <subfield code="4">0</subfield>
    <subfield code="7">0</subfield>
    <subfield code="8">HEMEROTECA</subfield>
    <subfield code="a">BC</subfield>
    <subfield code="b">BC</subfield>
    <subfield code="c">EST13A</subfield>
    <subfield code="h">N&#xFA;mero 25, Diciembre 2003</subfield>
    <subfield code="l">0</subfield>
    <subfield code="p">61000004932063</subfield>
    <subfield code="y">REVISTA</subfield>
  </datafield>
  <datafield tag="952" ind1=" " ind2=" ">
    <subfield code="0">0</subfield>
    <subfield code="1">0</subfield>
    <subfield code="4">0</subfield>
    <subfield code="7">0</subfield>
    <subfield code="8">HEMEROTECA</subfield>
    <subfield code="a">BC</subfield>
    <subfield code="b">BC</subfield>
    <subfield code="c">EST13A</subfield>
    <subfield code="h">N&#xFA;mero 31, Diciembre 2006</subfield>
    <subfield code="l">0</subfield>
    <subfield code="p">0713420</subfield>
    <subfield code="y">REVISTA</subfield>
  </datafield>
  <datafield tag="952" ind1=" " ind2=" ">
    <subfield code="0">0</subfield>
    <subfield code="1">0</subfield>
    <subfield code="4">0</subfield>
    <subfield code="7">0</subfield>
    <subfield code="8">HEMEROTECA</subfield>
    <subfield code="a">BC</subfield>
    <subfield code="b">BC</subfield>
    <subfield code="c">EST13A</subfield>
    <subfield code="h">N&#xFA;mero 41, Diciembre 2011</subfield>
    <subfield code="l">0</subfield>
    <subfield code="p">807311</subfield>
    <subfield code="y">REVISTA</subfield>
  </datafield>
  <datafield tag="952" ind1=" " ind2=" ">
    <subfield code="0">0</subfield>
    <subfield code="1">0</subfield>
    <subfield code="4">0</subfield>
    <subfield code="7">0</subfield>
    <subfield code="8">HEMEROTECA</subfield>
    <subfield code="a">BC</subfield>
    <subfield code="b">BC</subfield>
    <subfield code="c">EST13A</subfield>
    <subfield code="h">N&#xFA;mero 14, Junio 1998</subfield>
    <subfield code="l">0</subfield>
    <subfield code="p">6-392358</subfield>
    <subfield code="y">REVISTA</subfield>
  </datafield>
  <datafield tag="952" ind1=" " ind2=" ">
    <subfield code="0">0</subfield>
    <subfield code="1">0</subfield>
    <subfield code="4">0</subfield>
    <subfield code="7">0</subfield>
    <subfield code="8">HEMEROTECA</subfield>
    <subfield code="a">BC</subfield>
    <subfield code="b">BC</subfield>
    <subfield code="c">EST13A</subfield>
    <subfield code="h">N&#xFA;mero 18, Junio 2000</subfield>
    <subfield code="l">0</subfield>
    <subfield code="p">6-445946</subfield>
    <subfield code="y">REVISTA</subfield>
  </datafield>
  <datafield tag="952" ind1=" " ind2=" ">
    <subfield code="0">0</subfield>
    <subfield code="1">0</subfield>
    <subfield code="4">0</subfield>
    <subfield code="7">0</subfield>
    <subfield code="8">HEMEROTECA</subfield>
    <subfield code="a">BC</subfield>
    <subfield code="b">BC</subfield>
    <subfield code="c">EST13A</subfield>
    <subfield code="h">N&#xFA;mero 20, Junio 2001</subfield>
    <subfield code="l">0</subfield>
    <subfield code="p">61000004174067</subfield>
    <subfield code="y">REVISTA</subfield>
  </datafield>
  <datafield tag="952" ind1=" " ind2=" ">
    <subfield code="0">0</subfield>
    <subfield code="1">0</subfield>
    <subfield code="4">0</subfield>
    <subfield code="7">0</subfield>
    <subfield code="8">HEMEROTECA</subfield>
    <subfield code="a">BC</subfield>
    <subfield code="b">BC</subfield>
    <subfield code="c">EST13A</subfield>
    <subfield code="h">N&#xFA;mero 21, Diciembre 2001</subfield>
    <subfield code="l">0</subfield>
    <subfield code="p">61000004174081</subfield>
    <subfield code="y">REVISTA</subfield>
  </datafield>
  <datafield tag="952" ind1=" " ind2=" ">
    <subfield code="0">0</subfield>
    <subfield code="1">0</subfield>
    <subfield code="4">0</subfield>
    <subfield code="7">0</subfield>
    <subfield code="8">HEMEROTECA</subfield>
    <subfield code="a">BC</subfield>
    <subfield code="b">BC</subfield>
    <subfield code="c">EST13A</subfield>
    <subfield code="h">N&#xFA;mero 15, Diciembre 1998</subfield>
    <subfield code="l">0</subfield>
    <subfield code="p">6-399149</subfield>
    <subfield code="y">REVISTA</subfield>
  </datafield>
  <datafield tag="952" ind1=" " ind2=" ">
    <subfield code="0">0</subfield>
    <subfield code="1">0</subfield>
    <subfield code="4">0</subfield>
    <subfield code="7">0</subfield>
    <subfield code="8">HEMEROTECA</subfield>
    <subfield code="a">BC</subfield>
    <subfield code="b">BC</subfield>
    <subfield code="c">EST13A</subfield>
    <subfield code="h">N&#xFA;mero 45, Diciembre 2013</subfield>
    <subfield code="l">0</subfield>
    <subfield code="p">0989005</subfield>
    <subfield code="y">REVISTA</subfield>
  </datafield>
  <datafield tag="952" ind1=" " ind2=" ">
    <subfield code="0">0</subfield>
    <subfield code="1">0</subfield>
    <subfield code="4">0</subfield>
    <subfield code="7">0</subfield>
    <subfield code="8">HEMEROTECA</subfield>
    <subfield code="a">BC</subfield>
    <subfield code="b">BC</subfield>
    <subfield code="c">EST13A</subfield>
    <subfield code="h">Volumen 30, N&#xFA;mero 58, Enero-Junio de 2020</subfield>
    <subfield code="l">0</subfield>
    <subfield code="p">01067617</subfield>
    <subfield code="y">REVISTA</subfield>
  </datafield>
  <datafield tag="952" ind1=" " ind2=" ">
    <subfield code="0">0</subfield>
    <subfield code="1">0</subfield>
    <subfield code="4">0</subfield>
    <subfield code="7">0</subfield>
    <subfield code="8">HEMEROTECA</subfield>
    <subfield code="a">BC</subfield>
    <subfield code="b">BC</subfield>
    <subfield code="c">EST13A</subfield>
    <subfield code="h">N&#xFA;mero 44, Julio 2013</subfield>
    <subfield code="l">0</subfield>
    <subfield code="p">0984134</subfield>
    <subfield code="y">REVISTA</subfield>
  </datafield>
  <datafield tag="952" ind1=" " ind2=" ">
    <subfield code="0">0</subfield>
    <subfield code="1">0</subfield>
    <subfield code="4">0</subfield>
    <subfield code="7">0</subfield>
    <subfield code="8">HEMEROTECA</subfield>
    <subfield code="a">BC</subfield>
    <subfield code="b">BC</subfield>
    <subfield code="c">EST13A</subfield>
    <subfield code="h">N&#xFA;mero 36, Julio 2009</subfield>
    <subfield code="l">0</subfield>
    <subfield code="p">0757660</subfield>
    <subfield code="y">REVISTA</subfield>
  </datafield>
  <datafield tag="952" ind1=" " ind2=" ">
    <subfield code="0">0</subfield>
    <subfield code="1">0</subfield>
    <subfield code="4">0</subfield>
    <subfield code="7">0</subfield>
    <subfield code="8">HEMEROTECA</subfield>
    <subfield code="a">BC</subfield>
    <subfield code="b">BC</subfield>
    <subfield code="c">EST13A</subfield>
    <subfield code="h">N&#xFA;mero Diciembre 2013 : C&#xE1;tedra t&#xF3;picos 2012</subfield>
    <subfield code="l">0</subfield>
    <subfield code="p">01003182</subfield>
    <subfield code="y">REVISTA</subfield>
  </datafield>
  <datafield tag="952" ind1=" " ind2=" ">
    <subfield code="0">0</subfield>
    <subfield code="1">0</subfield>
    <subfield code="4">0</subfield>
    <subfield code="7">0</subfield>
    <subfield code="8">HEMEROTECA</subfield>
    <subfield code="a">BC</subfield>
    <subfield code="b">BC</subfield>
    <subfield code="c">EST13A</subfield>
    <subfield code="h">Volumen 24, N&#xFA;mero 49, Julio-Diciembre de 2015</subfield>
    <subfield code="l">0</subfield>
    <subfield code="p">1035536</subfield>
    <subfield code="y">REVISTA</subfield>
  </datafield>
  <datafield tag="952" ind1=" " ind2=" ">
    <subfield code="0">0</subfield>
    <subfield code="1">0</subfield>
    <subfield code="4">0</subfield>
    <subfield code="7">0</subfield>
    <subfield code="8">HEMEROTECA</subfield>
    <subfield code="a">BC</subfield>
    <subfield code="b">BC</subfield>
    <subfield code="c">EST13A</subfield>
    <subfield code="h">Volumen 26, N&#xFA;mero 53, Julio-Diciembre de 2017</subfield>
    <subfield code="l">0</subfield>
    <subfield code="p">1042449</subfield>
    <subfield code="y">REVISTA</subfield>
  </datafield>
  <datafield tag="952" ind1=" " ind2=" ">
    <subfield code="0">0</subfield>
    <subfield code="1">0</subfield>
    <subfield code="4">0</subfield>
    <subfield code="7">0</subfield>
    <subfield code="8">HEMEROTECA</subfield>
    <subfield code="a">BC</subfield>
    <subfield code="b">BC</subfield>
    <subfield code="c">EST13A</subfield>
    <subfield code="h">Volumen 30, N&#xFA;mero 59, Julio-Diciembre de 2020</subfield>
    <subfield code="l">0</subfield>
    <subfield code="p">01089826</subfield>
    <subfield code="y">REVISTA</subfield>
  </datafield>
  <datafield tag="952" ind1=" " ind2=" ">
    <subfield code="0">0</subfield>
    <subfield code="1">0</subfield>
    <subfield code="4">0</subfield>
    <subfield code="7">0</subfield>
    <subfield code="8">HEMEROTECA</subfield>
    <subfield code="a">BC</subfield>
    <subfield code="b">BC</subfield>
    <subfield code="c">EST13A</subfield>
    <subfield code="h">N&#xFA;mero 23, Diciembre 2002</subfield>
    <subfield code="l">0</subfield>
    <subfield code="p">61000005016618</subfield>
    <subfield code="y">REVISTA</subfield>
  </datafield>
  <datafield tag="952" ind1=" " ind2=" ">
    <subfield code="0">0</subfield>
    <subfield code="1">0</subfield>
    <subfield code="4">0</subfield>
    <subfield code="7">0</subfield>
    <subfield code="8">HEMEROTECA</subfield>
    <subfield code="a">BC</subfield>
    <subfield code="b">BC</subfield>
    <subfield code="c">EST13A</subfield>
    <subfield code="h">Volumen 24, N&#xFA;mero 47, Julio-Diciembre 2014</subfield>
    <subfield code="l">0</subfield>
    <subfield code="p">01011090</subfield>
    <subfield code="y">REVISTA</subfield>
  </datafield>
  <datafield tag="952" ind1=" " ind2=" ">
    <subfield code="0">0</subfield>
    <subfield code="1">0</subfield>
    <subfield code="4">0</subfield>
    <subfield code="7">0</subfield>
    <subfield code="8">HEMEROTECA</subfield>
    <subfield code="a">BC</subfield>
    <subfield code="b">BC</subfield>
    <subfield code="c">EST13A</subfield>
    <subfield code="h">N&#xFA;mero 28, Junio 2005</subfield>
    <subfield code="l">0</subfield>
    <subfield code="p">0589750</subfield>
    <subfield code="y">REVISTA</subfield>
  </datafield>
  <datafield tag="952" ind1=" " ind2=" ">
    <subfield code="0">0</subfield>
    <subfield code="1">0</subfield>
    <subfield code="4">0</subfield>
    <subfield code="7">0</subfield>
    <subfield code="8">HEMEROTECA</subfield>
    <subfield code="a">BC</subfield>
    <subfield code="b">BC</subfield>
    <subfield code="c">EST13A</subfield>
    <subfield code="h">N&#xFA;mero 30, Julio 2006</subfield>
    <subfield code="l">0</subfield>
    <subfield code="p">0703984</subfield>
    <subfield code="y">REVISTA</subfield>
  </datafield>
  <datafield tag="952" ind1=" " ind2=" ">
    <subfield code="0">0</subfield>
    <subfield code="1">0</subfield>
    <subfield code="4">0</subfield>
    <subfield code="7">0</subfield>
    <subfield code="8">HEMEROTECA</subfield>
    <subfield code="a">BC</subfield>
    <subfield code="b">BC</subfield>
    <subfield code="c">EST13A</subfield>
    <subfield code="h">N&#xFA;mero 35, Diciembre 2008</subfield>
    <subfield code="l">0</subfield>
    <subfield code="p">0688587</subfield>
    <subfield code="y">REVISTA</subfield>
  </datafield>
  <datafield tag="952" ind1=" " ind2=" ">
    <subfield code="0">0</subfield>
    <subfield code="1">0</subfield>
    <subfield code="4">0</subfield>
    <subfield code="7">0</subfield>
    <subfield code="8">HEMEROTECA</subfield>
    <subfield code="a">BC</subfield>
    <subfield code="b">BC</subfield>
    <subfield code="c">EST13A</subfield>
    <subfield code="h">N&#xFA;mero 40, Julio 2011</subfield>
    <subfield code="l">0</subfield>
    <subfield code="p">798490</subfield>
    <subfield code="y">REVISTA</subfield>
  </datafield>
  <datafield tag="952" ind1=" " ind2=" ">
    <subfield code="0">0</subfield>
    <subfield code="1">0</subfield>
    <subfield code="4">0</subfield>
    <subfield code="7">0</subfield>
    <subfield code="8">HEMEROTECA</subfield>
    <subfield code="a">BC</subfield>
    <subfield code="b">BC</subfield>
    <subfield code="c">EST13A</subfield>
    <subfield code="h">N&#xFA;mero 38, Julio 2010</subfield>
    <subfield code="l">0</subfield>
    <subfield code="p">0763162</subfield>
    <subfield code="y">REVISTA</subfield>
  </datafield>
  <datafield tag="952" ind1=" " ind2=" ">
    <subfield code="0">0</subfield>
    <subfield code="1">0</subfield>
    <subfield code="4">0</subfield>
    <subfield code="7">0</subfield>
    <subfield code="8">HEMEROTECA</subfield>
    <subfield code="a">BC</subfield>
    <subfield code="b">BC</subfield>
    <subfield code="c">EST13A</subfield>
    <subfield code="h">Volumen 26, N&#xFA;mero 50, Enero-Junio de 2016</subfield>
    <subfield code="l">0</subfield>
    <subfield code="p">1017884</subfield>
    <subfield code="y">REVISTA</subfield>
  </datafield>
  <datafield tag="952" ind1=" " ind2=" ">
    <subfield code="0">0</subfield>
    <subfield code="1">0</subfield>
    <subfield code="4">0</subfield>
    <subfield code="7">0</subfield>
    <subfield code="8">HEMEROTECA</subfield>
    <subfield code="a">BC</subfield>
    <subfield code="b">BC</subfield>
    <subfield code="c">EST13A</subfield>
    <subfield code="h">Volumen 31, N&#xFA;mero 61, Julio-Diciembre de 2021</subfield>
    <subfield code="l">0</subfield>
    <subfield code="p">01096417</subfield>
    <subfield code="y">REVISTA</subfield>
  </datafield>
  <datafield tag="952" ind1=" " ind2=" ">
    <subfield code="0">0</subfield>
    <subfield code="1">0</subfield>
    <subfield code="4">0</subfield>
    <subfield code="7">0</subfield>
    <subfield code="8">HEMEROTECA</subfield>
    <subfield code="a">BC</subfield>
    <subfield code="b">BC</subfield>
    <subfield code="c">EST13A</subfield>
    <subfield code="h">N&#xFA;mero 22, Junio 2002</subfield>
    <subfield code="l">0</subfield>
    <subfield code="p">61000005016601</subfield>
    <subfield code="y">REVISTA</subfield>
  </datafield>
  <datafield tag="952" ind1=" " ind2=" ">
    <subfield code="0">0</subfield>
    <subfield code="1">0</subfield>
    <subfield code="4">0</subfield>
    <subfield code="7">0</subfield>
    <subfield code="8">HEMEROTECA</subfield>
    <subfield code="a">BC</subfield>
    <subfield code="b">BC</subfield>
    <subfield code="c">EST13A</subfield>
    <subfield code="h">N&#xFA;mero 09, Diciembre 1995</subfield>
    <subfield code="l">0</subfield>
    <subfield code="p">6-10000003049916</subfield>
    <subfield code="y">REVISTA</subfield>
  </datafield>
  <datafield tag="952" ind1=" " ind2=" ">
    <subfield code="0">0</subfield>
    <subfield code="1">0</subfield>
    <subfield code="4">0</subfield>
    <subfield code="7">0</subfield>
    <subfield code="8">HEMEROTECA</subfield>
    <subfield code="a">BC</subfield>
    <subfield code="b">BC</subfield>
    <subfield code="c">EST13A</subfield>
    <subfield code="h">Volumen 29, N&#xFA;mero 57, Julio-Diciembre de 2019</subfield>
    <subfield code="l">0</subfield>
    <subfield code="p">01069481</subfield>
    <subfield code="y">REVISTA</subfield>
  </datafield>
  <datafield tag="952" ind1=" " ind2=" ">
    <subfield code="0">0</subfield>
    <subfield code="1">0</subfield>
    <subfield code="4">0</subfield>
    <subfield code="7">0</subfield>
    <subfield code="8">HEMEROTECA</subfield>
    <subfield code="a">BC</subfield>
    <subfield code="b">BC</subfield>
    <subfield code="c">EST13A</subfield>
    <subfield code="h">N&#xFA;mero 37, Diciembre 2009</subfield>
    <subfield code="l">0</subfield>
    <subfield code="p">0761580</subfield>
    <subfield code="y">REVISTA</subfield>
  </datafield>
  <datafield tag="952" ind1=" " ind2=" ">
    <subfield code="0">0</subfield>
    <subfield code="1">0</subfield>
    <subfield code="4">0</subfield>
    <subfield code="7">0</subfield>
    <subfield code="8">HEMEROTECA</subfield>
    <subfield code="a">BC</subfield>
    <subfield code="b">BC</subfield>
    <subfield code="c">EST13A</subfield>
    <subfield code="h">N&#xFA;mero 33, Diciembre 2007</subfield>
    <subfield code="l">0</subfield>
    <subfield code="p">0688395</subfield>
    <subfield code="y">REVISTA</subfield>
  </datafield>
  <datafield tag="952" ind1=" " ind2=" ">
    <subfield code="0">0</subfield>
    <subfield code="1">0</subfield>
    <subfield code="4">0</subfield>
    <subfield code="7">0</subfield>
    <subfield code="8">HEMEROTECA</subfield>
    <subfield code="a">BC</subfield>
    <subfield code="b">BC</subfield>
    <subfield code="c">EST13A</subfield>
    <subfield code="h">N&#xFA;mero 12, Junio 1997</subfield>
    <subfield code="l">0</subfield>
    <subfield code="p">6-10000003148578</subfield>
    <subfield code="y">REVISTA</subfield>
  </datafield>
  <datafield tag="952" ind1=" " ind2=" ">
    <subfield code="0">0</subfield>
    <subfield code="1">0</subfield>
    <subfield code="4">0</subfield>
    <subfield code="7">0</subfield>
    <subfield code="8">HEMEROTECA</subfield>
    <subfield code="a">BC</subfield>
    <subfield code="b">BC</subfield>
    <subfield code="c">EST13A</subfield>
    <subfield code="h">N&#xFA;mero 16, Junio 1999</subfield>
    <subfield code="l">0</subfield>
    <subfield code="p">6-10000003383818</subfield>
    <subfield code="y">REVISTA</subfield>
  </datafield>
  <datafield tag="952" ind1=" " ind2=" ">
    <subfield code="0">0</subfield>
    <subfield code="1">0</subfield>
    <subfield code="4">0</subfield>
    <subfield code="7">0</subfield>
    <subfield code="8">HEMEROTECA</subfield>
    <subfield code="a">BC</subfield>
    <subfield code="b">BC</subfield>
    <subfield code="c">EST13A</subfield>
    <subfield code="h">Volumen 26, N&#xFA;mero 52, Enero-Junio de 2017</subfield>
    <subfield code="l">0</subfield>
    <subfield code="p">1042334</subfield>
    <subfield code="y">REVISTA</subfield>
  </datafield>
  <datafield tag="952" ind1=" " ind2=" ">
    <subfield code="0">0</subfield>
    <subfield code="1">0</subfield>
    <subfield code="4">0</subfield>
    <subfield code="7">0</subfield>
    <subfield code="8">HEMEROTECA</subfield>
    <subfield code="a">BC</subfield>
    <subfield code="b">BC</subfield>
    <subfield code="c">EST13A</subfield>
    <subfield code="h">N&#xFA;mero 08, Junio 1995</subfield>
    <subfield code="l">0</subfield>
    <subfield code="p">6-10000003049928</subfield>
    <subfield code="y">REVISTA</subfield>
  </datafield>
  <datafield tag="952" ind1=" " ind2=" ">
    <subfield code="0">0</subfield>
    <subfield code="1">0</subfield>
    <subfield code="4">0</subfield>
    <subfield code="7">0</subfield>
    <subfield code="8">HEMEROTECA</subfield>
    <subfield code="a">BC</subfield>
    <subfield code="b">BC</subfield>
    <subfield code="c">EST13A</subfield>
    <subfield code="h">Volumen 26, N&#xFA;mero 51, Julio-Diciembre 2016</subfield>
    <subfield code="l">0</subfield>
    <subfield code="p">1028314</subfield>
    <subfield code="y">REVISTA</subfield>
  </datafield>
  <datafield tag="952" ind1=" " ind2=" ">
    <subfield code="0">0</subfield>
    <subfield code="1">0</subfield>
    <subfield code="4">0</subfield>
    <subfield code="7">0</subfield>
    <subfield code="8">HEMEROTECA</subfield>
    <subfield code="a">BC</subfield>
    <subfield code="b">BC</subfield>
    <subfield code="c">EST13A</subfield>
    <subfield code="h">N&#xFA;mero 24, Junio 2003</subfield>
    <subfield code="l">0</subfield>
    <subfield code="p">61000004924457</subfield>
    <subfield code="y">REVISTA</subfield>
  </datafield>
  <datafield tag="952" ind1=" " ind2=" ">
    <subfield code="0">0</subfield>
    <subfield code="1">0</subfield>
    <subfield code="4">0</subfield>
    <subfield code="7">0</subfield>
    <subfield code="8">HEMEROTECA</subfield>
    <subfield code="a">BC</subfield>
    <subfield code="b">BC</subfield>
    <subfield code="c">EST13A</subfield>
    <subfield code="h">Volumen 03, N&#xFA;mero 04, Diciembre 1993</subfield>
    <subfield code="l">0</subfield>
    <subfield code="p">6-10000003049956</subfield>
    <subfield code="y">REVISTA</subfield>
  </datafield>
  <datafield tag="952" ind1=" " ind2=" ">
    <subfield code="0">0</subfield>
    <subfield code="1">0</subfield>
    <subfield code="4">0</subfield>
    <subfield code="7">0</subfield>
    <subfield code="8">HEMEROTECA</subfield>
    <subfield code="a">BC</subfield>
    <subfield code="b">BC</subfield>
    <subfield code="c">EST13A</subfield>
    <subfield code="h">Volumen 27, N&#xFA;mero 54, Enero-Junio de 2018</subfield>
    <subfield code="l">0</subfield>
    <subfield code="p">01057284</subfield>
    <subfield code="y">REVISTA</subfield>
  </datafield>
  <datafield tag="952" ind1=" " ind2=" ">
    <subfield code="0">0</subfield>
    <subfield code="1">0</subfield>
    <subfield code="4">0</subfield>
    <subfield code="7">0</subfield>
    <subfield code="8">HEMEROTECA</subfield>
    <subfield code="a">BC</subfield>
    <subfield code="b">BC</subfield>
    <subfield code="c">EST13A</subfield>
    <subfield code="h">Volumen 27, N&#xFA;mero 55, Julio-Diciembre de 2018</subfield>
    <subfield code="l">0</subfield>
    <subfield code="p">01069265</subfield>
    <subfield code="y">REVISTA</subfield>
  </datafield>
  <datafield tag="952" ind1=" " ind2=" ">
    <subfield code="0">0</subfield>
    <subfield code="1">0</subfield>
    <subfield code="4">0</subfield>
    <subfield code="7">0</subfield>
    <subfield code="8">HEMEROTECA</subfield>
    <subfield code="a">BC</subfield>
    <subfield code="b">BC</subfield>
    <subfield code="c">EST13A</subfield>
    <subfield code="h">N&#xFA;mero 46, Junio 2014</subfield>
    <subfield code="l">0</subfield>
    <subfield code="p">01003183</subfield>
    <subfield code="y">REVISTA</subfield>
  </datafield>
  <datafield tag="952" ind1=" " ind2=" ">
    <subfield code="0">0</subfield>
    <subfield code="1">0</subfield>
    <subfield code="4">0</subfield>
    <subfield code="7">0</subfield>
    <subfield code="8">HEMEROTECA</subfield>
    <subfield code="a">BC</subfield>
    <subfield code="b">BC</subfield>
    <subfield code="c">EST13A</subfield>
    <subfield code="h">N&#xFA;mero 42, Julio 2012</subfield>
    <subfield code="l">0</subfield>
    <subfield code="p">92195</subfield>
    <subfield code="y">REVISTA</subfield>
  </datafield>
  <datafield tag="952" ind1=" " ind2=" ">
    <subfield code="0">0</subfield>
    <subfield code="1">0</subfield>
    <subfield code="4">0</subfield>
    <subfield code="7">0</subfield>
    <subfield code="8">HEMEROTECA</subfield>
    <subfield code="a">BC</subfield>
    <subfield code="b">BC</subfield>
    <subfield code="c">EST13A</subfield>
    <subfield code="h">N&#xFA;mero 10, Junio 1996</subfield>
    <subfield code="l">0</subfield>
    <subfield code="p">6-10000003148554</subfield>
    <subfield code="y">REVISTA</subfield>
  </datafield>
  <datafield tag="952" ind1=" " ind2=" ">
    <subfield code="0">0</subfield>
    <subfield code="1">0</subfield>
    <subfield code="4">0</subfield>
    <subfield code="7">0</subfield>
    <subfield code="8">HEMEROTECA</subfield>
    <subfield code="a">BC</subfield>
    <subfield code="b">BC</subfield>
    <subfield code="c">EST13A</subfield>
    <subfield code="h">N&#xFA;mero 32, Julio 2007</subfield>
    <subfield code="l">1</subfield>
    <subfield code="p">0688663</subfield>
    <subfield code="r">2024-01-23 00:00:00</subfield>
    <subfield code="s">2023-11-10</subfield>
    <subfield code="y">REVISTA</subfield>
  </datafield>
  <datafield tag="952" ind1=" " ind2=" ">
    <subfield code="0">0</subfield>
    <subfield code="1">0</subfield>
    <subfield code="4">0</subfield>
    <subfield code="7">0</subfield>
    <subfield code="8">HEMEROTECA</subfield>
    <subfield code="a">BC</subfield>
    <subfield code="b">BC</subfield>
    <subfield code="c">EST13A</subfield>
    <subfield code="h">N&#xFA;mero 13, Diciembre 1997</subfield>
    <subfield code="l">0</subfield>
    <subfield code="p">6-10000003148563</subfield>
    <subfield code="y">REVISTA</subfield>
  </datafield>
  <datafield tag="952" ind1=" " ind2=" ">
    <subfield code="0">0</subfield>
    <subfield code="1">0</subfield>
    <subfield code="4">0</subfield>
    <subfield code="7">0</subfield>
    <subfield code="8">HEMEROTECA</subfield>
    <subfield code="a">BC</subfield>
    <subfield code="b">BC</subfield>
    <subfield code="c">EST13A</subfield>
    <subfield code="h">Volumen 04, N&#xFA;mero 07, Diciembre 1994</subfield>
    <subfield code="l">0</subfield>
    <subfield code="p">6-10000003049933</subfield>
    <subfield code="y">REVISTA</subfield>
  </datafield>
  <datafield tag="952" ind1=" " ind2=" ">
    <subfield code="0">0</subfield>
    <subfield code="1">0</subfield>
    <subfield code="4">0</subfield>
    <subfield code="7">0</subfield>
    <subfield code="8">HEMEROTECA</subfield>
    <subfield code="a">BC</subfield>
    <subfield code="b">BC</subfield>
    <subfield code="c">EST13A</subfield>
    <subfield code="h">N&#xFA;mero 29, Diciembre 2005</subfield>
    <subfield code="l">0</subfield>
    <subfield code="p">0573081</subfield>
    <subfield code="y">REVISTA</subfield>
  </datafield>
  <datafield tag="952" ind1=" " ind2=" ">
    <subfield code="0">0</subfield>
    <subfield code="1">0</subfield>
    <subfield code="4">0</subfield>
    <subfield code="7">0</subfield>
    <subfield code="8">HEMEROTECA</subfield>
    <subfield code="a">BC</subfield>
    <subfield code="b">BC</subfield>
    <subfield code="c">EST13A</subfield>
    <subfield code="h">N&#xFA;mero 43, Diciembre 2012</subfield>
    <subfield code="l">0</subfield>
    <subfield code="p">0976875</subfield>
    <subfield code="y">REVISTA</subfield>
  </datafield>
  <datafield tag="952" ind1=" " ind2=" ">
    <subfield code="0">0</subfield>
    <subfield code="1">0</subfield>
    <subfield code="4">0</subfield>
    <subfield code="7">0</subfield>
    <subfield code="8">HEMEROTECA</subfield>
    <subfield code="a">BC</subfield>
    <subfield code="b">BC</subfield>
    <subfield code="c">EST13A</subfield>
    <subfield code="h">Volumen 25, N&#xFA;mero 48, Enero-Junio de 2015</subfield>
    <subfield code="l">0</subfield>
    <subfield code="p">01009324</subfield>
    <subfield code="y">REVISTA</subfield>
  </datafield>
  <datafield tag="952" ind1=" " ind2=" ">
    <subfield code="0">0</subfield>
    <subfield code="1">0</subfield>
    <subfield code="4">0</subfield>
    <subfield code="7">0</subfield>
    <subfield code="8">HEMEROTECA</subfield>
    <subfield code="a">BC</subfield>
    <subfield code="b">BC</subfield>
    <subfield code="c">EST13A</subfield>
    <subfield code="h">N&#xFA;mero 11, Diciembre 1996</subfield>
    <subfield code="l">0</subfield>
    <subfield code="p">6-10000003049902</subfield>
    <subfield code="y">REVISTA</subfield>
  </datafield>
  <datafield tag="952" ind1=" " ind2=" ">
    <subfield code="0">0</subfield>
    <subfield code="1">0</subfield>
    <subfield code="4">0</subfield>
    <subfield code="7">0</subfield>
    <subfield code="8">HEMEROTECA</subfield>
    <subfield code="a">BC</subfield>
    <subfield code="b">BC</subfield>
    <subfield code="c">EST13A</subfield>
    <subfield code="h">Volumen 04, N&#xFA;mero 06, Junio 1994</subfield>
    <subfield code="l">0</subfield>
    <subfield code="p">6-10000003049942</subfield>
    <subfield code="y">REVISTA</subfield>
  </datafield>
  <datafield tag="952" ind1=" " ind2=" ">
    <subfield code="0">0</subfield>
    <subfield code="1">0</subfield>
    <subfield code="4">0</subfield>
    <subfield code="7">0</subfield>
    <subfield code="8">HEMEROTECA</subfield>
    <subfield code="a">BC</subfield>
    <subfield code="b">BC</subfield>
    <subfield code="c">EST13A</subfield>
    <subfield code="h">N&#xFA;mero 27, Diciembre 2004</subfield>
    <subfield code="l">0</subfield>
    <subfield code="p">0589751</subfield>
    <subfield code="y">REVISTA</subfield>
  </datafield>
  <datafield tag="952" ind1=" " ind2=" ">
    <subfield code="0">0</subfield>
    <subfield code="1">0</subfield>
    <subfield code="2">ddc</subfield>
    <subfield code="4">0</subfield>
    <subfield code="7">0</subfield>
    <subfield code="8">HEMEROTECA</subfield>
    <subfield code="a">BC</subfield>
    <subfield code="b">BC</subfield>
    <subfield code="c">EST13A</subfield>
    <subfield code="h">N&#xFA;mero 34, Julio 2008</subfield>
    <subfield code="l">0</subfield>
    <subfield code="p">0688394</subfield>
    <subfield code="y">REVISTA</subfield>
  </datafield>
  <datafield tag="952" ind1=" " ind2=" ">
    <subfield code="0">0</subfield>
    <subfield code="1">0</subfield>
    <subfield code="2">FAC</subfield>
    <subfield code="4">0</subfield>
    <subfield code="7">0</subfield>
    <subfield code="8">HEMEROTECA</subfield>
    <subfield code="a">BC</subfield>
    <subfield code="b">BC</subfield>
    <subfield code="c">EST13A</subfield>
    <subfield code="d">2024-05-28</subfield>
    <subfield code="h">Volumen 32, N&#xFA;mero 62, Enero-Abril de 2022</subfield>
    <subfield code="l">0</subfield>
    <subfield code="p">01101234</subfield>
    <subfield code="r">2024-07-09 00:00:00</subfield>
    <subfield code="w">2024-05-28</subfield>
    <subfield code="y">REVISTA</subfield>
  </datafield>
  <datafield tag="952" ind1=" " ind2=" ">
    <subfield code="0">0</subfield>
    <subfield code="1">0</subfield>
    <subfield code="2">FAC</subfield>
    <subfield code="4">0</subfield>
    <subfield code="7">0</subfield>
    <subfield code="8">HEMEROTECA</subfield>
    <subfield code="a">BC</subfield>
    <subfield code="b">BC</subfield>
    <subfield code="c">EST13A</subfield>
    <subfield code="d">2024-05-28</subfield>
    <subfield code="h">Volumen 32, N&#xFA;mero 63, Mayo-Agosto de 2022</subfield>
    <subfield code="l">0</subfield>
    <subfield code="p">01101235</subfield>
    <subfield code="r">2024-08-27 00:00:00</subfield>
    <subfield code="w">2024-05-28</subfield>
    <subfield code="y">REVISTA</subfield>
  </datafield>
  <datafield tag="952" ind1=" " ind2=" ">
    <subfield code="0">0</subfield>
    <subfield code="1">0</subfield>
    <subfield code="2">FAC</subfield>
    <subfield code="4">0</subfield>
    <subfield code="7">0</subfield>
    <subfield code="8">HEMEROTECA</subfield>
    <subfield code="a">BC</subfield>
    <subfield code="b">BC</subfield>
    <subfield code="c">EST13A</subfield>
    <subfield code="d">2024-05-28</subfield>
    <subfield code="h">Volumen 32, N&#xFA;mero 64, Septiembre-Diciembre de 2022</subfield>
    <subfield code="l">0</subfield>
    <subfield code="p">01101236</subfield>
    <subfield code="r">2025-01-24 00:00:00</subfield>
    <subfield code="w">2024-05-28</subfield>
    <subfield code="y">REVISTA</subfield>
  </datafield>
  <datafield tag="952" ind1=" " ind2=" ">
    <subfield code="0">0</subfield>
    <subfield code="1">0</subfield>
    <subfield code="2">FAC</subfield>
    <subfield code="4">0</subfield>
    <subfield code="7">0</subfield>
    <subfield code="8">HEMEROTECA</subfield>
    <subfield code="a">BC</subfield>
    <subfield code="b">BC</subfield>
    <subfield code="c">EST13A</subfield>
    <subfield code="d">2025-07-30</subfield>
    <subfield code="e">Material adquirido por canje</subfield>
    <subfield code="f">CANJE</subfield>
    <subfield code="g">65000.00</subfield>
    <subfield code="h">Volumen 33, n&#xFA;mero 65, enero-abril de 2023</subfield>
    <subfield code="l">0</subfield>
    <subfield code="o">Vol.33 N&#xFA;m.65 Ene.-Abr. 2023</subfield>
    <subfield code="p">01099341</subfield>
    <subfield code="r">2025-08-05 13:02:15</subfield>
    <subfield code="w">2025-07-30</subfield>
    <subfield code="y">REVISTA</subfield>
  </datafield>
  <datafield tag="952" ind1=" " ind2=" ">
    <subfield code="0">0</subfield>
    <subfield code="1">0</subfield>
    <subfield code="2">FAC</subfield>
    <subfield code="4">0</subfield>
    <subfield code="7">0</subfield>
    <subfield code="8">HEMEROTECA</subfield>
    <subfield code="a">BC</subfield>
    <subfield code="b">BC</subfield>
    <subfield code="c">EST13A</subfield>
    <subfield code="d">2025-07-30</subfield>
    <subfield code="e">Material adquirido por canje</subfield>
    <subfield code="f">CANJE</subfield>
    <subfield code="g">65000.00</subfield>
    <subfield code="h">Volumen 33, n&#xFA;mero 66, mayo-agosto de 2023</subfield>
    <subfield code="l">0</subfield>
    <subfield code="o">Vol.33 N&#xFA;m.66 May.-Ago. 2023</subfield>
    <subfield code="p">01099342</subfield>
    <subfield code="r">2025-08-05 12:36:14</subfield>
    <subfield code="w">2025-07-30</subfield>
    <subfield code="y">REVISTA</subfield>
  </datafield>
  <datafield tag="952" ind1=" " ind2=" ">
    <subfield code="0">0</subfield>
    <subfield code="1">0</subfield>
    <subfield code="2">FAC</subfield>
    <subfield code="4">0</subfield>
    <subfield code="7">0</subfield>
    <subfield code="8">HEMEROTECA</subfield>
    <subfield code="a">BC</subfield>
    <subfield code="b">BC</subfield>
    <subfield code="c">EST13A</subfield>
    <subfield code="d">2025-07-30</subfield>
    <subfield code="e">Material adquirido por canje</subfield>
    <subfield code="f">CANJE</subfield>
    <subfield code="g">65000.00</subfield>
    <subfield code="h">Volumen 33, n&#xFA;mero 67, septiembre-diciembre de 2023</subfield>
    <subfield code="l">0</subfield>
    <subfield code="o">Vol.33 N&#xFA;m.67 Sep.-Dic. 2023</subfield>
    <subfield code="p">01099762</subfield>
    <subfield code="r">2025-08-05 11:47:18</subfield>
    <subfield code="w">2025-07-30</subfield>
    <subfield code="y">REVISTA</subfield>
  </datafield>
  <datafield tag="952" ind1=" " ind2=" ">
    <subfield code="0">0</subfield>
    <subfield code="1">0</subfield>
    <subfield code="2">FAC</subfield>
    <subfield code="4">0</subfield>
    <subfield code="7">0</subfield>
    <subfield code="8">HEMEROTECA</subfield>
    <subfield code="a">BC</subfield>
    <subfield code="b">BC</subfield>
    <subfield code="c">EST13A</subfield>
    <subfield code="d">2025-07-30</subfield>
    <subfield code="e">Material adquirido por canje</subfield>
    <subfield code="f">CANJE</subfield>
    <subfield code="g">65000.00</subfield>
    <subfield code="h">Volumen 34, n&#xFA;mero 68, enero-abril de 2024</subfield>
    <subfield code="l">0</subfield>
    <subfield code="o">Vol.34 N&#xFA;m.68 Ene.-Abr. 2024</subfield>
    <subfield code="p">01099763</subfield>
    <subfield code="r">2025-08-05 11:02:18</subfield>
    <subfield code="w">2025-07-30</subfield>
    <subfield code="y">REVISTA</subfield>
  </datafield>
  <datafield tag="952" ind1=" " ind2=" ">
    <subfield code="0">0</subfield>
    <subfield code="1">0</subfield>
    <subfield code="2">FAC</subfield>
    <subfield code="4">0</subfield>
    <subfield code="7">0</subfield>
    <subfield code="8">HEMEROTEC</subfield>
    <subfield code="a">BC</subfield>
    <subfield code="b">BC</subfield>
    <subfield code="c">EST13A</subfield>
    <subfield code="d">2025-09-19</subfield>
    <subfield code="e">Material adquirido por canje</subfield>
    <subfield code="f">CANJE</subfield>
    <subfield code="g">65000.00</subfield>
    <subfield code="h">Volumen 34, n&#xFA;mero 69, agosto de 2024</subfield>
    <subfield code="l">0</subfield>
    <subfield code="o">Vol. 34 N&#xFA;m.69 Ago. 2024</subfield>
    <subfield code="p">01107647</subfield>
    <subfield code="r">2025-10-03 14:39:13</subfield>
    <subfield code="w">2025-09-19</subfield>
    <subfield code="y">REVISTA</subfield>
  </datafield>
</record>
